Famous Capitals Scrambled - Statistics

General Stats
  • This quiz has been taken 37 times
  • The average score is 7 of 11
Answer Stats
Hint Answer % Correct
nerb Bern
96%
Kbangko bangkok
92%
karaan Ankara
88%
gboatg bogota
71%
bcanrrae Canberra
71%
nosbeuaesir Buenos Aires
63%
sujemreu Jerusalem
63%
thasne athens
58%
hcneoeapng Copenhagen
50%
dnhilwee New Delhi
46%
biadiaasm Islamabad
33%
No matching quizzes found
Score Distribution
Percent of People with Each Score
Percentile by Number Answered
Your Score History
You have not taken this quiz